00689 a2200205 450000500170000001000150001702000260003203500140005803700090007208200080008110000150008924500540010425000060015826000490016427000510021330000210026494200270028599900190031295201520033120250408171956.0 aENG-144557 c470.00a9788119131099 aEN-128089 bDBAD14a4851 aMUK9804661 aThe Art of English Writing/cBitter C Mukkolakkal a1 aThiruvananthapurambChintha Publishersc2024 bThiruvananthapurammwww. chinthapublishers.com a352p.c22cm (pb) adplcEN2ddch485mMUK c210889d210889 001040708NFICaJPbJPd2025-04-08eDelivery of Books Act Divisiong470.00l0o485 MUKpEN-128089r2025-04-08 00:00:00t1v470.00w2025-04-08yEN